Halloween Word Chain - Statistics

General Stats
  • This quiz has been taken 41 times
  • The average score is 11 of 15
Answer Stats
Hint Answer % Correct
_____ or Treat Trick
100%
_____ of the living dead Night
95%
Creepy Michael Jackson Hit Thriller
89%
Bad Dream Nightmare
86%
Disguise Worn on the Face Mask
81%
Freddy’s Surname Krueger
78%
Large Mouse Rat
78%
Freddy’s Street Elm
76%
Another Word for Murder Kill
76%
Black Bird Raven
76%
Film with Robert Pattinson and Kristen Stewart Twilight
68%
Typically a Carved Pumpkin Lantern
43%
Religious or Solemn Ceremony Ritual
43%
Movie with Art the Clown Terrifier
35%
Musical Fantasy with David Bowie Labyrinth
30%
No matching quizzes found
Score Distribution
Percent of People with Each Score
Percentile by Number Answered
Your Score History
You have not taken this quiz